Environmental sanitation: health and panchayati raj (Record no. 380589)

000 -LEADER
fixed length control field 00529cam a22001697a 4500
008 - FIXED-LENGTH DATA ELEMENTS--GENERAL INFORMATION
fixed length control field 180718b1996 xxu||||| |||| 00| 0 eng d
082 ## - DEWEY DECIMAL CLASSIFICATION NUMBER
Classification number X8 Si64
100 ## - MAIN ENTRY--PERSONAL NAME
Personal name Sinha, Bakshi D.
245 ## - TITLE STATEMENT
Title Environmental sanitation: health and panchayati raj
Statement of responsibility, etc. by Bakshi D. Sinha and P.S.K. Menon
260 ## - PUBLICATION, DISTRIBUTION, ETC.
Place of publication, distribution, etc. New Delhi
Name of publisher, distributor, etc. Concept
Date of publication, distribution, etc. 1996
300 ## - PHYSICAL DESCRIPTION
Extent 134p.
650 ## - SUBJECT ADDED ENTRY--TOPICAL TERM
Topical term or geographic name entry element Water-supply, Rural --India
650 ## - SUBJECT ADDED ENTRY--TOPICAL TERM
Topical term or geographic name entry element Environmental health --India
650 ## - SUBJECT ADDED ENTRY--TOPICAL TERM
Topical term or geographic name entry element Panchayat --India
650 ## - SUBJECT ADDED ENTRY--TOPICAL TERM
Topical term or geographic name entry element Sanitation, Rural --India
700 ## - ADDED ENTRY--PERSONAL NAME
Personal name Menon, P.S.K.
Holdings
Withdrawn status Lost status Damaged status Not for loan Permanent Location Current Location Date acquired Full call number Barcode Date last seen Price effective from Koha item type
        Indian Institute of Public Administration Indian Institute of Public Administration 1996-12-12 X8 Si64 71594 2018-07-21 2018-07-21 Book

Powered by Koha